Statistics for Movies By 1 Actor and 1 Actress - Scarlett Johansson Edition

Click here to take the quiz!

General Stats

  • This quiz has been taken 11 times
  • The average score is 7 of 26

Answer Stats

CastMovie% Correct
Chris Hemsworth, Cobie SmuldersThe Avengers
82%
David Harbour, Florence PughBlack Widow
73%
Robert Downey Jr., Gwyneth PaltrowIron Man 2
73%
Bill Murray, Anna FarisLost in Translation
73%
Taika Waititi, Rebel WilsonJojo Rabbit
45%
Javier Bardem, Penelope CruzVicky Christina Barcelona
45%
Joseph Gordon-Levitt, Julianne MooreDon Jon
36%
Chris Evans, Jenny AgutterCaptain America: The Winter Soldier
27%
Joaquin Phoenix, Chris PrattHer
27%
Morgan Freeman, Analeigh TiptonLucy
27%
Robert Redford, Kristin Scott ThomasThe Horse Whisperer
27%
Christian Bale, Rebecca HallThe Prestige
27%
Jason Schwartzman, Margot RobbieAsteroid City
18%
Ben Affleck, Jennifer AnistonHe's Just Not That Into You
18%
Anthony Hopkins, Helen MirrenHitchcock
18%
Bryan Cranston, Yoko OnoIsle of Dogs
18%
Natalie Portman, Eric BanaThe Other Boleyn Girl
18%
Matt Damon, Elle FanningWe Bought A Zoo
18%
Thora Birch, Steve BuscemiGhost World
9%
Hugh Jackman, Romola GaraiScoop
9%
Matthew McConaughey, Reese WitherspoonSing
9%
Ewan McGregor, Shawnee SmithThe Island
9%
Ben Kingsley, Lupita Nyong'oThe Jungle Book
9%
Billy Bob Thornton, Frances McDormandThe Man Who Wasn't There
9%
Jerry McWilliams, Lynsey Taylor MackayUnder the Skin
9%
Tom Kenny, Jill TalleyThe Spongebob Squarepants Movie
0%

Score Distribution

Percentile by Number Answered

Percent of People with Each Score

Your Score History

You have not taken this quiz